Online
Catalog

Trujillo : (Record no. 26730)

MARC details
000 -CABECERA
campo de control de longitud fija 00773nam a2200229 a 4500
001 - NÚMERO DE CONTROL
campo de control 000027238
005 - FECHA Y HORA DE LA ÚLTIMA TRANSACCIÓN
campo de control 20240409073641.0
008 - DATOS DE LONGITUD FIJA--INFORMACIÓN GENERAL
campo de control de longitud fija 110330t1957 nyuac r 001 0 eng d
040 ## - FUENTE DE LA CATALOGACIÓN
Centro catalogador/agencia de origen DO-SdBNP
Lengua de catalogación spa
Centro/agencia transcriptor BNPHU
041 07 - CÓDIGO DE LENGUA
Código de lengua del texto/banda sonora o título independiente eng
082 ## - NÚMERO DE LA CLASIFICACIÓN DECIMAL DEWEY
Número de clasificación 923.17293
Número de documento/Ítem T866n
100 1# - ENTRADA PRINCIPAL--NOMBRE DE PERSONA
Nombre de persona Nanita, Abelardo R.
9 (RLIN) 45855
245 10 - MENCIÓN DE TÍTULO
Título Trujillo :
Resto del título the biography of a great leader /
Mención de responsabilidad, etc. Abelardo R. Nanita ; introducción de Rafael Vidal.
250 ## - MENCIÓN DE EDICIÓN
Mención de edición [1ª ed. inglés]
260 ## - PUBLICACIÓN, DISTRIBUCIÓN, ETC.
Lugar de publicación, distribución, etc. New York :
Nombre del editor, distribuidor, etc. Vantage Press,
Fecha de publicación, distribución, etc. 1957.
300 ## - DESCRIPCIÓN FÍSICA
Extensión 222 p. :
Otras características físicas il., retrs. ;
Dimensiones 21 cm.
504 ## - NOTA DE BIBLIOGRAFÍA, ETC.
Nota de bibliografía, etc. Bibliografía : p. 215-216.
546 ## - NOTA DE LENGUA/LENGUAJE
Nota de lengua/lenguaje Inglés
600 10 - PUNTO DE ACCESO ADICIONAL DE MATERIA--NOMBRE DE PERSONA
Nombre de persona Trujillo Molina, Rafael Leónidas,
Fechas asociadas al nombre 1891-1961
9 (RLIN) 76764
700 1# - PUNTO DE ACCESO ADICIONAL--NOMBRE DE PERSONA
Nombre de persona Vidal, Rafael,
Término indicativo de función/relación introd.
9 (RLIN) 2400
910 ## - DATOS DE OPCIÓN DEL USUARIO (OCLC)
Datos de opción del usuario Validado. Control de calidad. EMS
Holdings
Estado de retiro Estado de pérdida Restricciones de uso No para préstamo Código de colección Localización permanente Ubicación/localización actual Ubicación en estantería Fecha de adquisición Número de inventario Total de préstamos Signatura topográfica completa Código de barras Fecha visto por última vez Número de copia Precio válido a partir de Tipo de ítem Koha Nota pública
        Raros y valiosos General General Depósito 05.07.2011 LF1   923.17293 T866n 27238-30 25.06.2020 e. 3 25.06.2020 Préstamo en sala  
      Excluido de préstamo Raros y valiosos Patrimonio Dominicano Patrimonio Dominicano Depósito 30.03.2011 LF1   923.17293 T866n 27238-10 25.06.2020   25.06.2020 No se presta Perteneció a la biblioteca personal de Germán Emilio Ornes.
      Excluido de préstamo Raros y valiosos Patrimonio Dominicano Patrimonio Dominicano Depósito 21.06.2011 LF1   923.17293 T866n 27238-20 25.06.2020 e. 2 25.06.2020 No se presta Perteneció a la biblioteca personal de Germán Emilio Ornes.

Powered by Koha